000 00655nam a22002177a 4500
001 22703
003 BD-RjUL
005 20211209000836.0
008 161113s1986 b ||||| |||| 001 0 eng d
035 _a(BD-RjUL)22768
040 _aBD-RjUL
_beng
_cBD-RjUL
_dBD-RjUL
041 _aeng
082 _a891.22
_bMAK 1986
100 _aMandal, Paresh Chandra
_970039
245 1 0 _aKālidāsa as a dramatist :
_b a study /
_c Paresh Chandra Mandal
260 _aBangladesh :
_bUnversity of Dhaka,
_c1986.
300 _avii, 260 p. ;
_c19 cm.
504 _aIncludes index and Bibliography.
650 _aKālidāsa
_970040
_xSanskrit Drama
942 _2ddc
_cBK
999 _c22703
_d22703